000 00373nam a2200109Ia 4500
008 160909s9999 xx 000 0 und d
100 _aJones, Bertram O'Brian
245 _aCommunity-Based Tourism: An Exploratory Study of Barbados
260 _bWalden University
_c2016
650 _aMARKETING MANAGEMENT
856 _uhttp://pqdtopen.proquest.com/doc/1796067113.html?FMT=ABS
999 _c304807
_d304807